Základné východiská problematiky skúmania hospodárskych dejín ako súčasť komparácie hospodárskych systémov

Základné východiská problematiky skúmania hospodárskych dejín. Periodizácia hospodárskych dejín. Pramene poznania v histórii. Vedné disciplíny - archeológia, epigrafika, paleografika. Hospodársky rozvoj a jeho činitele. Politické režimy, formy vlády a ich vplyv na hospodárstvo.

Salvato in:
Dettagli Bibliografici
Autore principale: Poláčková, Hana, 1968-
Altri autori: Vongrej, Marián
Natura: Capitolo di libro
Lingua:slovacco
Soggetti:
Tags: Aggiungi Tag
Nessun Tag, puoi essere il primo ad aggiungerne!!

MARC

LEADER 00000nla a2200000 4500
001 0225735
005 20240502073712.8
041 0 |a slo 
044 |a SK 
245 1 0 |a Základné východiská problematiky skúmania hospodárskych dejín ako súčasť komparácie hospodárskych systémov  |c Hana Poláčková, Marián Vongrej 
520 |a Základné východiská problematiky skúmania hospodárskych dejín. Periodizácia hospodárskych dejín. Pramene poznania v histórii. Vedné disciplíny - archeológia, epigrafika, paleografika. Hospodársky rozvoj a jeho činitele. Politické režimy, formy vlády a ich vplyv na hospodárstvo. 
610 2 0 |a dejiny hospodárske 
610 2 0 |a história 
610 2 0 |a vývoj 
610 2 0 |a veda 
610 2 0 |a rozvoj hospodársky 
610 2 0 |a vláda 
100 1 |a Poláčková, Hana, 1968- 
700 1 |a Vongrej, Marián